Central Library OPAC University of Rajshahi

On juche in our revolution / (Record no. 65388)

MARC details
000 -LEADER
fixed length control field 00636nam a2200217 a 4500
001 - CONTROL NUMBER
control field 65388
003 - CONTROL NUMBER IDENTIFIER
rucl marc code BD-RjUL
005 - DATE AND TIME OF LATEST TRANSACTION
control field 20211209081424.0
008 - FIXED-LENGTH DATA ELEMENTS--GENERAL INFORMATION
fixed length control field 170305m1982 ko c 000 0 eng
035 ## - SYSTEM CONTROL NUMBER
System control number (BD-RjUL)65518
040 ## - CATALOGING SOURCE
Original cataloging agency DLC
Transcribing agency DLC
Modifying agency BD-RjUL
Language of cataloging eng
041 ## - LANGUAGE CODE
Language code of text/sound track or separate title eng
082 00 - DEWEY DECIMAL CLASSIFICATION NUMBER
Classification number 335.43095193
Edition number 23
Author mark and year SUO 1982
100 1# - MAIN ENTRY--PERSONAL NAME
Personal name Sung, Kim Il
Dates associated with a name 1912-1994.
9 (RLIN) 193516
245 10 - TITLE STATEMENT
Title On juche in our revolution /
Statement of responsibility, etc. Kim Il Sung.
260 ## - PUBLICATION, DISTRIBUTION, ETC. (IMPRINT)
Place of publication, distribution, etc. Pyongyang, Korea :
Name of publisher, distributor, etc. Foreign Languages Pub. House,
Date of publication, distribution, etc. 1982.
300 ## - PHYSICAL DESCRIPTION
Pagination 467 p . :
Illustrations ill . ;
Size 22 cm.
650 #0 - SUBJECT ADDED ENTRY--TOPICAL TERM
Topical term or geographic name as entry element Socialism
Geographic subdivision Korea (North)
9 (RLIN) 189416
942 ## - ADDED ENTRY ELEMENTS (KOHA)
Source of classification or shelving scheme Dewey Decimal Classification
Koha item type Books
Holdings
Lost status Source of classification or shelving scheme Damaged status Not for loan Collection code Permanent Location Current Location Shelving location Date acquired Source of acquisition Total Checkouts Full call number Date last seen Copy number Koha item type
  Dewey Decimal Classification   Not For Loan Non-fiction Central Library, University of Rajshahi Central Library, University of Rajshahi Reading Room 09/01/1988 kim ul sung   335.43095193 SUO 1982 05/03/2017 C-1 Books